Un Pleno provincial de trascendental importancia
Descripción Física:
Il·lustracions
Colección:
San Jorge,
; núm. 14 (abril 1954), pàg 101-103
Idioma:
Español
MARC
| LEADER | 00000naa a2200000 a 4500 | ||
|---|---|---|---|
| 003 | Arxiu | ||
| 005 | 20260324181038.0 | ||
| 008 | 160829s1954 spcaxx s spa c | ||
| 040 | |a agdb | ||
| 245 | 0 | 3 | |a Un Pleno provincial de trascendental importancia |
| 300 | |b Il·lustracions | ||
| 490 | |a San Jorge, |v núm. 14 (abril 1954), pàg 101-103 | ||
| 650 | 0 | |a Administració local |x Dret i legislació |9 31521 | |
| 650 | 0 | |a Pressupostos locals |z Barcelona (Província) |9 31041 | |
| 773 | |g Núm. 14 (abril 1954), pàg 101-103 |t San Jorge. | ||
| 901 | |a Arxiu | ||
| 942 | |n 1 |2 udc |c ART | ||
| 952 | |0 0 |1 0 |4 0 |6 REV509 |7 1 |9 64783 |a Arxiu |b Arxiu |d 2022-12-13 |l 0 |o Rev-509 |r 2022-12-13 00:00:00 |w 2022-12-13 |y ARXIU | ||
| 999 | |c 48790 |d 48790 | ||